000
00341nam a2200145Ia 4500
008
150201s1991 xx 000 0 und d
082
_a
617
_b
O91D
100
_a
DUDLEY , H .
245
_a
ROB & SMIT OPERATIVE SURGERY -1
250
_a
4TH
260
_b
BUTTERWORTH
_a
BOMBAY
_c
1991
300
_a
1-670
650
_a
SURGERY
942
_2
ddc
_c
BK
999
_c
1301
_d
1301